000 01111cam a2200337 i 4500
999 _c28795
_d28766
001 3656323
003 EG-ScBUE
005 20200923104717.0
008 760421s1975 enk f b 000 0 eng d
020 _a0140523030
040 _aDLC
_beng
_erda
_cDLC
_dDLC
_dEG-ScBUE
043 _ae-uk---
082 0 4 _a333.770942164
_bAMB
_222
100 1 _aAmbrose, Peter J.,
_eauthor.
245 1 4 _aThe property machine /
_cPeter Ambrose and Bob Colenutt.
264 1 _aMiddlesex, England :
_bPenguin Books,
_c1975.
300 _a192 pages ;
_c18 cm.
336 _2rdacontent
_atext
_btxt
337 _2rdamedia
_aunmediated
_bn
338 _2rdacarrier
_avolume
_bnc
490 0 _aA Penguin special
504 _aIncludes bibliographical references.
650 7 _aReal estate business
_zGreat Britain.
_2BUEsh
650 7 _aOffice buildings
_zGreat Britain.
_2BUEsh
650 7 _aCity planning
_zGreat Britain.
_2BUEsh
653 _bBUSECO
_cSeptember2020
655 _vReading book
_934232
700 1 _aColenutt, Bob,
_d1942-
_ejoint author.
906 _a7
_bcbc
_corignew
_d3
_encip
_f19
_gy-gencatlg
942 _2ddc
_cBB